| Registos Bibliográficos associados ao registo de autoridade |
|
Etiqueta de registo: 00254nam 2200025 450 001 2284532 003 http://id.bnportugal.gov.pt/bib/catbnp/2284532 021 ## $aPT$b555697/25 100 ## $a20260416d2025 m y0pory01030103ba 101 1# $apor$cger 102 ## $aPT 105 ## $aa z 000yy 106 ## $ar 200 1# $aOcupar a frente$etextos sobre os direitos políticos das mulheres$fRosa Luxemburgo$gtrad. Liliana Dias 210 #9 $a[S.l.]$cSr Teste,$d2025 215 ## $a45, [13] p.$cil.$d15 cm 225 2# $aImagem e semelhança$v30 675 ## $a342.7-055.2"18/19"(042)$vBN$zpor$31998238 675 ## $a342.8-055.2"18/19"(042)$vBN$zpor$31998237 700 #1 $aLuxemburg,$bRosa,$f1871-1919$3110099 702 #1 $92$aDias,$bLiliana$4730$31995916 801 #0 $aPT$bBN$gRPC 856 41 $uhttp://rnod.bnportugal.gov.pt/ImagesBN/winlibimg.aspx?skey=&doc=2284532&img=222362&save=true 900 ## $aBIBNAC$d20260519 966 ## $lBN$mFGMON$sS.C. 46671 P.$x1 966 ## $lBN$mFGMON$sS.C. 46671 P.-D$x1 971 ## $corlando$d20260416 972 ## $e0$z0$d20260519$vasantos 973 ## $cigoulao$d20260512
|
|
|